| 000 | 00667nam a2200181 a 4500 | ||
|---|---|---|---|
| 001 | 000034019 | ||
| 005 | 20200930070715.0 | ||
| 008 | 110921s2006 ht 000 0 spa d | ||
| 020 | _a9993537462 | ||
| 100 | 1 |
_aDalencour, François, _d1880- _959468 |
|
| 245 | 1 | 0 |
_aBiographie du général francois CAPPOIX : _ble héros de la bataille de Vertières, 18 novembre 1803 / _cFrançois Dalencour. |
| 260 |
_aPort-au-Prince, Haiti : _bPresses Nationales d Haiti, _c2006. |
||
| 300 |
_a275 p. ; _c20 cm. |
||
| 490 | 1 | _aMomoire vivante | |
| 500 | _aIncluye referencias bibliográficas y notas al pie de las páginas | ||
| 830 | 0 |
_aMemoire vivante _959469 |
|
| 999 |
_c33510 _d33510 |
||
| 040 | _aDO-SdBNP | ||